Grammy Awards Categories - Statistics

General Stats
  • This quiz has been taken 24 times
  • The average score is 20 of 95
Answer Stats
Answer % Correct
Album of the Year
100%
Record of the Year
92%
Best Contemporary Christian Music Performance/Song
83%
Best Gospel Performance/Song
83%
Best New Artist
83%
Song of the Year
83%
Best Pop Vocal Album
58%
Best Rap Song
58%
Best Rock Song
58%
Best Rap Album
50%
Best Rock Album
50%
Best Country Song
42%
Best Dance/Electronic Album
42%
Best Dance/Electronic Recording
42%
Best Dance Pop Recording
42%
Best Pop Duo/Group Performance
42%
Best Rock Performance
42%
Best Melodic Rap Performance
33%
Best Music Video
33%
Best Pop Solo Performance
33%
Best R&B Album
33%
Best R&B Song
33%
Best Rap Performance
33%
Best Alternative Music Album
25%
Best Alternative Music Performance
25%
Best Gospel Album
25%
Best Latin Pop Album
25%
Best Metal Performance
25%
Best R&B Performance
25%
Best Traditional Country Album
25%
Best Traditional Pop Vocal Album
25%
Best Traditional R&B Performance
25%
Producer of the Year, Non-Classical
25%
Best Album Notes
17%
Best Americana Album
17%
Best Bluegrass Album
17%
Best Contemporary Christian Music Album
17%
Best Contemporary Country Album
17%
Best Contemporary Instrumental Album
17%
Best Country Duo/Group Performance
17%
Best Country Solo Performance
17%
Best Global Music Album
17%
Best Global Music Performance
17%
Best Jazz Instrumental Album
17%
Best Jazz Performance
17%
Best Musical Theater Album
17%
Best Music Film
17%
Best Progressive R&B Album
17%
Best Reggae Album
17%
Best Remixed Recording
17%
Best Song Written for Visual Media
17%
Best Spoken Word Poetry Album
17%
Producer of the Year, Classical
17%
Songwriter of the Year, Non-Classical
17%
Best African Music Performance
8%
Best Album Cover
8%
Best Alternative Jazz Album
8%
Best Americana Performance
8%
Best American Roots Performance
8%
Best American Roots Song
8%
Best Children's Music Album
8%
Best Comedy Album
8%
Best Compilation Soundtrack for Visual Media
8%
Best Contemporary Blues Album
8%
Best Folk Album
8%
Best Historical Album
8%
Best Jazz Vocal Album
8%
Best Latin Jazz Album
8%
Best Latin Rock or Alternative Album
8%
Best Música Mexicana Album (including Tejano)
8%
Best Música Urbana Album
8%
Best New Age, Ambient Or Chant Album
8%
Best Orchestral Performance
8%
Best Regional Roots Music Album
8%
Best Traditional Blues Album
8%
Best Tropical Latin Album
8%
Best Arrangement, Instrumental or A Cappella
0%
Best Arrangement, Instruments and Vocals
0%
Best Audio Book, Narration & Storytelling Recording
0%
Best Chamber Music/Small Ensemble Performance
0%
Best Choral Performance
0%
Best Classical Compendium
0%
Best Classical Instrumental Solo
0%
Best Classical Solo Vocal Album
0%
Best Contemporary Classical Composition
0%
Best Engineered Album, Classical
0%
Best Engineered Album, Non-Classical
0%
Best Immersive Audio Album
0%
Best Instrumental Composition
0%
Best Large Jazz Ensemble Album
0%
Best Opera Recording
0%
Best Recording Package
0%
Best Roots Gospel Album
0%
Best Score Soundtrack Album for Visual Media
0%
Best Score Soundtrack for Video Games and Other Interactive Media
0%
No matching quizzes found
Score Distribution
Percent of People with Each Score
Percentile by Number Answered
Your Score History
You have not taken this quiz